Practical bookkeeping and accounts / (Record no. 73691)
[ view plain ]
| 000 -LEADER | |
|---|---|
| fixed length control field | 00792nam a2200265 a 4500 |
| 001 - CONTROL NUMBER | |
| control field | 73691 |
| 003 - CONTROL NUMBER IDENTIFIER | |
| rucl marc code | BD-RjUL |
| 005 - DATE AND TIME OF LATEST TRANSACTION | |
| control field | 20211209082431.0 |
| 008 - FIXED-LENGTH DATA ELEMENTS--GENERAL INFORMATION | |
| fixed length control field | 170606r19711969enkk 001 0 eng d |
| 020 ## - INTERNATIONAL STANDARD BOOK NUMBER | |
| International Standard Book Number | 0723105049 (Part ii) |
| 035 ## - SYSTEM CONTROL NUMBER | |
| System control number | (BD-RjUL)73909 |
| 040 ## - CATALOGING SOURCE | |
| Original cataloging agency | UKM |
| Transcribing agency | UKM |
| Modifying agency | BD-RjUL |
| Language of cataloging | eng |
| 041 ## - LANGUAGE CODE | |
| Language code of text/sound track or separate title | eng |
| 082 ## - DEWEY DECIMAL CLASSIFICATION NUMBER | |
| Classification number | 657 |
| Edition number | 23 |
| Author mark and year | FAP 1971 |
| 100 1# - MAIN ENTRY--PERSONAL NAME | |
| Personal name | Favell, A. J |
| 9 (RLIN) | 218118 |
| 245 10 - TITLE STATEMENT | |
| Title | Practical bookkeeping and accounts / |
| Statement of responsibility, etc. | A. J. Favell |
| 250 ## - EDITION STATEMENT | |
| Edition statement | 6th (decimal) ed. |
| 260 ## - PUBLICATION, DISTRIBUTION, ETC. (IMPRINT) | |
| Place of publication, distribution, etc. | London : |
| Name of publisher, distributor, etc. | University Tutorial Press, |
| Date of publication, distribution, etc. | 1969, [reprinted 1971] |
| 300 ## - PHYSICAL DESCRIPTION | |
| Pagination | 420 p. : |
| Illustrations | ill. ; |
| Size | 23 cm. |
| 500 ## - GENERAL NOTE | |
| General note | Previous ed. (B61-14465) 1961 |
| 505 0# - FORMATTED CONTENTS NOTE | |
| Formatted contents note | pt.1---pt.2----- |
| 650 #0 - SUBJECT ADDED ENTRY--TOPICAL TERM | |
| Topical term or geographic name as entry element | Bookkeeping |
| General subdivision | Handbooks, manuals, etc. |
| 9 (RLIN) | 218119 |
| Topical term or geographic name as entry element | Accounting |
| 9 (RLIN) | 218120 |
| 942 ## - ADDED ENTRY ELEMENTS (KOHA) | |
| Source of classification or shelving scheme | Dewey Decimal Classification |
| Koha item type | Books |
| Lost status | Source of classification or shelving scheme | Damaged status | Not for loan | Collection code | Permanent Location | Current Location | Shelving location | Date acquired | Source of acquisition | Cost, normal purchase price | Total Checkouts | Full call number | Date last seen | Copy number | Koha item type |
|---|---|---|---|---|---|---|---|---|---|---|---|---|---|---|---|
| Dewey Decimal Classification | Not For Loan | Non-fiction | Central Library, University of Rajshahi | Central Library, University of Rajshahi | Reading Room | 23/02/1976 | Bangladesh Books international | 30.00 | 657 FAP Pt-2 1971 | 06/06/2017 | C-1 | Books | |||
| Dewey Decimal Classification | Not For Loan | Non-fiction | Central Library, University of Rajshahi | Central Library, University of Rajshahi | Reading Room | 23/02/1976 | Bangladesh Books international | 40.00 | 657 FAP Pt-1 1971 | 07/06/2017 | C-2 | Books |